000 00359nam a2200169Ia 4500
001 19437
003 IN-NITTTR
005 20251114233224.0
008 251113s9999||||xx |||||||||||||| ||eng||
040 _beng
040 _cIN-NITTTR
041 _aeng
082 _a891.431 D616U H
100 _aDinkar,
245 0 _aUrvashi. /
_cDinkar
942 _2ddc
_cBK
999 _c22071
_d22071